000 01178nmm a2200385 a 4500
003 AR-BaBNM
005 20251128211020.0
008 022020s1993 ||||||||||||||000 | spa||
020 _a950-534-004-4
040 _cAR-BaBNM
245 1 0 _aEvolución reciente del derecho ambiental internacional
260 _aBuenos Aires
_bA-Z editora
_c1993
300 0 _a352 p.
500 0 _aContiene: Apéndice I Declaración de Estocolmo; Apéndice II Carta Mundial de la naaturaleza; Apéndice III La Declaración de Río
650 4 _aECOLOGIA
650 4 _aDERECHO AMBIENTAL
650 4 _aDESARROLLO
650 4 _aCAPA DE OZONO
650 4 _aESPECIES EN PELIGRO DE EXTINCION
650 4 _aCOMERCIO INTERNACIONAL
650 4 _aCAMBIOS AMBIENTALES
650 4 _aDESECHOS
650 4 _aDERECHO INTERNACIONAL
653 0 _aBIODIVERSIDAD
700 1 _aEstrada Oyuela, Raúl Alfredo
700 1 _aZeballos, María Cristina
700 0 _ecoordinador
700 1 _aWilliams, Silvia Maureen
700 1 _aBarboza, Julio
700 1 _aMalpede, Diego
700 1 _aOtegui,José M.
700 1 _aPigretti, Eduardo
_eprologuista
942 _cBK
998 _calicia
999 _c17902
_d17902